MDQL
is popping MORE tags! Check the
thread
!
Quizzes
Events
Quiz Creation
Community
Videos
Private Events
Remove Ads
Sign In
Join for FREE
Feedback
Dark Mode
Quiz Categories
Sports
Geography
Music
Movies
Television
Just For Fun
Miscellaneous
History
Literature
Language
Science
Gaming
Entertainment
Religion
Holiday
For Kids
Quiz Lab
Recent
Popular Today
Quiz Kudos Today
Editor Picks
Curator Picks
Quizzes by...
Day
Popularity
Type
Ratings
Length
Year
Community
Subscriptions
Recent Discussions
Orange Saloon
Badges
Playlists
Quests
Create
Leaderboards
Showdown
Live 5
Trivia Bingo
Activity
Puzzle Library
Sporcle Events
Private Events
Virtual Trivia
Globe League
Become a Host
Pub Owners
SporcleCon
Opinionation
Our Games
Videos
Blog
Mobile Apps
Partnerships
Remove Ads and Go Orange
Feedback
Television
TV Characters
TV Show
Sitcom
Network
Friends
Reality Shows
Cast
South Park
Star Trek
The Simpsons
Doctor Who
Television
TV Characters
TV Show
Sitcom
Network
Friends
Reality Shows
Cast
South Park
Star Trek
The Simpsons
Doctor Who
Random Quiz
Search Sporcle
×
Quiz Lab
Quiz Lab
Television
Character
Type in answers that appear in a list
Type in answers that appear in a list
Classic
Best Score? Go Orange.
Parks and Recreation: Leslie's Campaign Staff Stats
Can you name the job titles of everyone in Leslie Knope's Campaign?
By
SporcleEXP
3m
8 Questions
227 Plays
227 Plays
227 Plays
Comments
Comments
Give Quiz Kudos
Give Quiz Kudos
-
- Ratings
hide this ad
Forced Order
Answers have to be entered in order
Answers have to be entered in order
Replay
Link that replays current quiz
Next Quiz
Link to next quiz in quiz playlist
You Got
0%
They Got
Avg Score
95%
Avg Friend Score
Upgrade to see
Score Distribution
Jump to the score distribution portion of the page
Score
0/8
Timer
03:00
0
Plays Today
Job Title
Character
% Correct
Youth Outreach and Director of New Media
April
99.6%
Campaign Manager
Ben
98.7%
Image Consultant and Swagger Coach
Tom
98.7%
Body Man and Security
Andy
96.9%
Had no idea they were doing this
Jerry
94.7%
Office Manager and Volunteer Coordinator
Ann
93.4%
Transpo
Donna
93.4%
Anything else she might need
Ron
89.9%
Quiz Playlist
Details
Report
Send in Message
Add To Playlist
Classic:
Type in answers that appear in a list
Forced Order:
Answers have to be entered in order
Quiz Source
Last Updated: Aug 23, 2017
Quiz Scoreboard
CHALLENGE
Sign Up to Join the Scoreboard
Show All
Scores
Hide
Comments
May contain spoilers
Recently Published
Holiday 10x10 Sorting Gallery
by lukepisani3
Holiday
15m
Two Season TV Shows II
by 123Four
Television
10m
Image Sorting: Flags VI
by Barbecue
Geography
2m
More to Explore
Quiz From the Vault
Featured Blog Post
14 Easter Pick-up Lines to Find Eggs With
hide this ad
You Might Also Like...
Tags
campaign
Character
Everyone
job
leslie
park
recreation
staff
Today's Top Quizzes in Television
Browse Television
hide this ad
Today's Top Quizzes in Character
Browse Character
Top Contributed Quizzes in Television
1
Survivor Journey Challenge
2
Even More Two Season TV Shows
3
Adjectives in 00s TV Shows
4
Even More Three Season TV Shows
5
Survivor Logic Puzzle: Heroes vs. Villains
6
Adjectives in 10s TV Shows
7
One Season TV Shows
8
One Piece Logic Puzzle
9
Brooklyn Nine Nine Logic Puzzle (How-To-Play)
10
Click the SpongeBob Episodes (Season 3)
Explore More
Trending Topics
Anime
Disney
Marvel
Crossword
NBA
Kpop
Harry Potter
NFL
WWE
Country
Pokémon
Puzzle
The Office
Soccer
Song
hide this ad
More By:
SporcleEXP
Quiz
Plays
Rating
Category
Featured
Created
Harry Potter Deaths in Order Minefield
3,068,892
4.18
Literature
Jan 27, 2016
Sins, Dwarfs, and Spice Girls
847,338
4.42
Just For Fun
Apr 11, 2012
Ancient History Bunker
708,319
4.28
History
Jan 20, 2014
Movie Posters VI
679,102
4.37
Movies
Nov 12, 2010
Movie Posters VII
621,923
4.44
Movies
Apr 16, 2011
Go to Creator's Profile
Score Distribution
Quiz Creator Spotlight
SporcleEXP
Follow
Send a Message
Quizzes Created
-
Created Quiz Play Count
-
More By This Creator
Popular Quizzes Today
1
Find the US States - No Outlines Minefield
2
Colored Red Africa Blitz
3
Find the 'City' Movie
4
The Countries of the World
5
Find the US States
6
5x2 Blitz: Bands
7
Find the Countries of Europe - No Outlines Minefield
8
US States
More Television Quizzes
Match the Our Flag Means Death episode to its synopsis
Quiz Lab
Trending Quizzes
Colored Red Europe Blitz I
Colored Red Europe Blitz II
Colored Red Africa Blitz II
Colored Red Europe Blitz III
Colored Red Africa Blitz III
Recently Updated
Odd Team Out - Big 4 Players
pecheneg
Quick Pick: 20 Twenties
pecheneg
March Madness Men's Triple Doubles
pecheneg
How Do You Spell That?
pecheneg
Godzilla Movies
pecheneg
Grab Bag: 4-10 Letters
pecheneg
2024 March Madness Bracket
pecheneg
Famous TV Couples
Peacemaker
Champions League XIs: Real Madrid
pecheneg
Largest US Cities 1790-2010
pecheneg
Trending Topics
Disney
Crossword
Harry Potter
Kpop
Marvel
NBA
Anime
WWE
Pokémon
Soccer
Country
NFL
Puzzle
The Office
Song
Your Account Isn't Verified!
In order to create a playlist on Sporcle, you need to verify the email address you used during registration. Go to your
Sporcle Settings
to finish the process.
Report this User
Report this user for behavior that violates our
Community Guidelines
.
Details:
Send Report
Go to the Sporcle.com Mobile Site →
Comments